| 000 | 00573nam a2200205Ia 4500 | ||
|---|---|---|---|
| 003 | GCL | ||
| 008 | 140319s9999 xx 000 0 ara d | ||
| 040 |
_aGCL / _cGCL |
||
| 082 | 0 | 4 |
_a953.0721 _bح ف |
| 245 | 1 | 0 | _aفتح العرب للمغرب |
| 260 |
_a[S.N] : _bمكتبة الثقافة الدينية |
||
| 300 | _a356 ص | ||
| 490 | _a | ||
| 650 | 0 | 4 | _aالمغرب |
| 650 | 0 | 4 | _aالفتوحات الاسلامية |
| 650 | 0 | 4 | _aالتاريخ الاسلامى |
| 650 | 0 | 4 | _aانتشار الاسلام |
| 650 | 0 | 4 | _aفتح الاندلس |
| 942 |
_2ddc _cBK |
||
| 999 |
_c31670 _d31670 |
||